000 00731nam a2200205Ii 4500
003 JO-AjNU
008 230605s9999||||xx |||||||||||||| ||und||
040 _aJO-AjNU
_bara
_erda
_cJO-AjNU
041 _aara
050 1 4 _aHD58.7.M33.1995
100 3 _aالمغربي، كامل محمد ,
_eauthor
_962273
245 0 0 _aالسلوك التنظيمي: مفاهيم واسس سلوك الفرد والجماعة في التنظيم
250 _aط1
264 3 1 _aعمان: دار الفكر ناشرون وموزعون، 1995
300 _a357ص
336 _atext
_btxt
_2rdacontent
337 _aunmediated
_bn
_2rdamedia
338 _avolume
_bnc
_2rdacarrier
650 4 _aادارة اعمال- سلوك تنظيمي
_962274
999 _aA28191
_c31759
_d31759